Govt. of
Madhya Pradesh

समाजशास्‍त्र के सिद्धान्‍त (Record no. 45603)

MARC details
000 -LEADER
fixed length control field 006020000a22001810004500
003 - CONTROL NUMBER IDENTIFIER
control field MACL
005 - DATE AND TIME OF LATEST TRANSACTION
control field 20160202160925.0
008 - FIXED-LENGTH DATA ELEMENTS--GENERAL INFORMATION
fixed length control field 160202b xxu||||| |||| 00| 0 eng d
040 ## - CATALOGING SOURCE
Original cataloging agency MACL
Transcribing agency एस. चन्‍द कम्‍पानी
041 ## - LANGUAGE CODE
Language code of text/sound track or separate title Hindi
082 ## - DEWEY DECIMAL CLASSIFICATION NUMBER
Classification number 300
100 ## - MAIN ENTRY--PERSONAL NAME
Personal name सचदेव डा. आर
9 (RLIN) 36473
245 ## - TITLE STATEMENT
Title समाजशास्‍त्र के सिद्धान्‍त
260 ## - PUBLICATION, DISTRIBUTION, ETC. (IMPRINT)
Name of publisher, distributor, etc. किताब महल
Date of publication, distribution, etc. 2009
Place of publication, distribution, etc. इलाहाबाद
350 ## - PRICE (NR) (BK AM CF MU VM SE) [OBSOLETE]
Price 295
650 ## - SUBJECT ADDED ENTRY--TOPICAL TERM
Topical term or geographic name as entry element समाज शास्‍त्र
9 (RLIN) 36356
942 ## - ADDED ENTRY ELEMENTS (KOHA)
Koha item type Hindi Books
Call number prefix 300
Source of classification or shelving scheme
Holdings
Withdrawn status Lost status Source of classification or shelving scheme Damaged status Not for loan Home library Current library Shelving location Date acquired Cost, normal purchase price Total Checkouts Total Renewals Full call number Barcode Date last seen Date last checked out Uniform Resource Identifier Price effective from Koha item type
          MACL MACL Reference 15/04/2015 295.00 3 2 300 CLHC21506 14/08/2021 05/08/2020 45960 15/04/2015 Books